Statistics for Cities on Via Aemilia on a map

Click here to take the quiz!

General Stats

  • This quiz has been taken 13 times
  • The average score is 9 of 14

Answers on the Map

Answers color-coded by a green-red scale on the quiz's map according to % correct below.
 

Answer Stats

Modern PopulationModern name(Roman name)% Correct
394 374Bologna (Bononia)
100%
185 352Modena (Mutina)
92%
197 232Parma (Parma)
92%
150 075Rimini (Ariminum)
83%
168 874Reggio Emilia (Regium Lepidi)
75%
116 700Forlì (Forum Livii)
67%
69 332Imola (Forum Cornelii)
67%
102 964Piacenza (Placentia)
67%
96 062Cesena (Caesena)
58%
58 150Faenza (Faventia)
50%
27 054Fidenza (Fidentia)
42%
13 063Forlimpopoli (Forum Popilii)
42%
32 102Castelfranco Emilia (Forum Gallorum)
33%
15 204Fiorenzuola d'Arda (Florentia)
33%

Score Distribution

Percentile by Number Answered

Percent of People with Each Score

Your Score History

You have not taken this quiz